00761 am a2200241 a 45000010005000000030008000050050017000130080041000300200015000710350023000860350018001090400027001270410008001540820028001621000024001902450098002142600040003123000027003525040066003796500025004456500018004707000031004882375BD-RjUL20211208233533.0960229s1996 ii b 001 0 eng  a8170247292 a(OCoLC)ocm34319089 a(BD-RjUL)2402 aDLCcDLCbengdBD-RjUL aeng00a342.54085223bJAH 19961 aJaswal, Paramjit S.10aHuman rights and the law /cParamjit S. Jaswal, Nishtha Jaswal ; foreword by Ranganath Misra. aNew Delhi :bAPH Pub. Corp.,c1996. axxvi, 395 p. ;c23 cm. aIncludes bibliographical references (p. [381]-389) and index. 0aCivil rightszIndia. 0aHuman rights.1 aJaswal, Nishtha, jt. auth.